000 00198nam a2200085Ia 4500
008 120527s9999 xx 000 0 und d
100 _aBeekman & Rathswoh
245 _aComputer confluence
942 _cBK
999 _c27857
_d27857